| 000 | 01208nam a2200265Ia 4500 | ||
|---|---|---|---|
| 999 |
_c54751 _d54751 |
||
| 001 | 21818 | ||
| 003 | GE_BSU | ||
| 005 | 20220520150307.0 | ||
| 008 | 181216s ||||ge |||||||||||||| ||geo|| | ||
| 020 | _a99940-29-71-1 | ||
| 040 | _cGE_BSU | ||
| 041 | _ageo | ||
| 080 | _a821.353.1(075.3) მ-97 | ||
| 245 |
_aმშობლიური ლიტერატურა : მე-6 კლასი _bსახელმძღვანელო / _cვახტანგ როდონაია, ენგურ ქურციკიძე ; მხატვ. მარიამ ჯანდიერი.. |
||
| 264 |
_aთბილისი : _bსაარი, _c2007. |
||
| 300 |
_a164 გვ. : _bილ. ; _c29 სმ. |
||
| 541 | _h7 ლ. | ||
| 653 | _aმშობლიური ლიტერატურა | ||
| 653 | _aმე-6 კლასი | ||
| 653 | _aსახელმძღვანელო | ||
| 700 |
_aროდონაია, ვახტან _eავტორი _913796 |
||
| 700 |
_aქურციკიძე, ენგურ _eავტორი _913797 |
||
| 700 |
_aჯანდიერი, მარიამ _eმხატვარი _913798 |
||
| 942 |
_cBK _2udc |
||